000 00835nam a22002177a 4500
999 _c6137
_d6137
003 AR-CdUCM
008 190313b ||||| |||| 00| 0 spa d
040 _aMUNICIPALIDAD PROVINCIAL DEL CUSCO
_cBIBLIOTECA MUNICIPAL DEL CUSCO
082 _a865.4 /
_bG777
100 _aGravina Telechea, María F.
_917792
245 _aLázaro vuela rojo /
260 _aLa Habana :
_bCasa de las Américas,
_c1979.
300 _a84 páginas ;
_c19 cm.
500 _aDonación familia Nieto
505 _aContenido: Roque viviente de esta inquieta tienda de climas cardinales -- Collage cinco -- Estos animalistos amorosos -- Las historias chiquitas de todos estos días -- Alguna decisión bajo este techo...
650 _aPoesías uruguayas
_917793
650 _aUruguay
_92511
650 _aSiglo XX
_98
942 _2ddc
_cLIBROS
945 _adavv